[Event "Benidorm Satellite preliminary"]
[Site "playchess.com #007036"]
[Date "2009.10.24"]
[Round "5"]
[White "Chanwxt"]
[Black "LaOla"]
[Result "1-0"]
[WhiteElo "2829"]
[BlackElo "2392"]
[PlyCount "67"]
[EventDate "2009.10.24"]
[EventType "swiss (blitz)"]

1. e4 {[%emt 0:00:01]} c5 {[%emt 0:00:01]} 2. Nf3 {[%emt 0:00:01]} d6 {[%emt 0:
00:01]} 3. Bb5+ {[%emt 0:00:01]} Nc6 {[%emt 0:00:04]} 4. O-O {[%emt 0:00:01]}
e6 {[%emt 0:00:03]} 5. Re1 {[%emt 0:00:05]} Bd7 {[%emt 0:00:01]} 6. c3 {[%emt
0:00:04]} a6 {[%emt 0:00:02]} 7. Bf1 {[%emt 0:00:04]} Be7 {[%emt 0:00:02]} 8.
d4 {[%emt 0:00:01]} cxd4 {[%emt 0:00:01]} 9. cxd4 {[%emt 0:00:00]} d5 {[%emt 0:
00:07]} 10. exd5 {[%emt 0:00:16]} exd5 {[%emt 0:00:02]} 11. Qb3 {[%emt 0:00:00]
} Nf6 {[%emt 0:00:10]} 12. Nc3 {[%emt 0:00:09]} O-O {[%emt 0:00:02]} 13. Nxd5 {
[%emt 0:00:02]} Nxd5 {[%emt 0:00:04]} 14. Qxd5 {[%emt 0:00:00]} Nb4 {[%emt 0:
00:02]} 15. Qb3 {[%emt 0:00:42]} Be6 {[%emt 0:00:02]} 16. Qd1 {[%emt 0:00:04]}
Rc8 {[%emt 0:00:04]} 17. Bd3 {[%emt 0:00:03]} Nxa2 {[%emt 0:00:25]} 18. Bf4 {
[%emt 0:00:25]} Nb4 {[%emt 0:00:04]} 19. Be4 {[%emt 0:00:06]} Bd5 {[%emt 0:00:
06]} 20. Bf5 {[%emt 0:00:16]} Rc6 {[%emt 0:00:17]} 21. Ne5 {[%emt 0:00:28]} Rf6
{[%emt 0:00:02]} 22. Qg4 {[%emt 0:00:06]} g6 {[%emt 0:00:25]} 23. Bb1 {[%emt 0:
00:12]} Be6 {[%emt 0:00:04]} 24. Qg3 {[%emt 0:00:07]} Qxd4 {[%emt 0:00:24]} 25.
Bg5 {[%emt 0:00:05]} Rxf2 {[%emt 0:00:24]} 26. Be3 {[%emt 0:00:17]} Qxb2 {
[%emt 0:00:16]} 27. Bxf2 {[%emt 0:00:02]} Bd6 {[%emt 0:00:18]} 28. Bd3 {[%emt
0:00:10]} f6 {[%emt 0:00:04]} 29. Bxg6 {[%emt 0:00:02]} Bxe5 {[%emt 0:00:04]}
30. Bxh7+ {[%emt 0:00:03]} Kxh7 {[%emt 0:00:02]} 31. Qh4+ {[%emt 0:00:01]} Kg7
{[%emt 0:00:01]} 32. Rab1 {[%emt 0:00:01]} Qd2 {[%emt 0:00:11]} 33. Qxb4 {
[%emt 0:00:01]} b5 {[%emt 0:00:01]} 34. Qxd2 {[%emt 0:00:01] LaOla gibt auf}
1-0

[Event "Benidorm Satellite preliminary"]
[Site "playchess.com #007036"]
[Date "2009.10.24"]
[Round "5"]
[White "Matty_xxx"]
[Black "Nußhardt"]
[Result "1-0"]
[WhiteElo "2224"]
[BlackElo "1711"]
[PlyCount "73"]
[EventDate "2009.10.24"]
[EventType "swiss (blitz)"]

1. e4 {[%emt 0:00:02]} c5 {[%emt 0:00:03]} 2. Nf3 {[%emt 0:00:02]} e6 {[%emt 0:
00:01]} 3. d4 {[%emt 0:00:01]} d5 {[%emt 0:00:01]} 4. exd5 {[%emt 0:00:07]}
exd5 {[%emt 0:00:02]} 5. Nc3 {[%emt 0:00:13]} c4 {[%emt 0:00:02]} 6. b3 {[%emt
0:00:10]} cxb3 {[%emt 0:00:05]} 7. axb3 {[%emt 0:00:01]} Bb4 {[%emt 0:00:02]}
8. Bd2 {[%emt 0:00:02]} Bxc3 {[%emt 0:00:09]} 9. Bxc3 {[%emt 0:00:02]} Ne7 {
[%emt 0:00:02]} 10. Be2 {[%emt 0:00:31]} O-O {[%emt 0:00:03]} 11. O-O {[%emt 0:
00:01]} a6 {[%emt 0:00:02]} 12. Bb2 {[%emt 0:00:09]} Be6 {[%emt 0:00:06]} 13.
c4 {[%emt 0:00:05]} Nbc6 {[%emt 0:00:05]} 14. h3 {[%emt 0:00:09]} h6 {[%emt 0:
00:03]} 15. Qd2 {[%emt 0:00:04]} Bf5 {[%emt 0:00:12]} 16. Rfd1 {[%emt 0:00:16]}
Be4 {[%emt 0:00:05]} 17. Ne1 {[%emt 0:00:01]} Qd6 {[%emt 0:00:10]} 18. Nc2 {
[%emt 0:00:12]} Bg6 {[%emt 0:00:12]} 19. Ne3 {[%emt 0:00:05]} Rad8 {[%emt 0:00:
08]} 20. Ba3 {[%emt 0:00:06]} Qd7 {[%emt 0:00:05]} 21. cxd5 {[%emt 0:00:02]}
Nb8 {[%emt 0:00:05]} 22. Nc4 {[%emt 0:00:11]} Rfe8 {[%emt 0:00:10]} 23. d6 {
[%emt 0:00:04]} Nec6 {[%emt 0:00:06]} 24. Nb6 {[%emt 0:00:09]} Qe6 {[%emt 0:00:
08]} 25. Bc4 {[%emt 0:00:06]} Qf5 {[%emt 0:00:19]} 26. Nd5 {[%emt 0:00:11]} Nd7
{[%emt 0:00:23]} 27. Ne7+ {[%emt 0:00:10]} Nxe7 {[%emt 0:00:31]} 28. dxe7 {
[%emt 0:00:00]} Ra8 {[%emt 0:00:09]} 29. Be2 {[%emt 0:00:03]} Nb6 {[%emt 0:00:
15]} 30. Rac1 {[%emt 0:00:14]} Nd5 {[%emt 0:00:04]} 31. Bg4 {[%emt 0:00:10]}
Qf6 {[%emt 0:00:03]} 32. Bd7 {[%emt 0:00:04]} Rxe7 {[%emt 0:00:03]} 33. Bxe7 {
[%emt 0:00:02]} Nxe7 {[%emt 0:00:03]} 34. Bg4 {[%emt 0:00:03]} Rd8 {[%emt 0:00:
03]} 35. Rc7 {[%emt 0:00:04]} Nd5 {[%emt 0:00:03]} 36. Rxb7 {[%emt 0:00:06]}
Nf4 {[%emt 0:00:07]} 37. Qe3 {[%emt 0:00:03] Zeit} 1-0

[Event "Benidorm Satellite preliminary"]
[Site "playchess.com #007036"]
[Date "2009.10.24"]
[Round "5"]
[White "CubaChessPraxis"]
[Black "Immer Letzter"]
[Result "1/2-1/2"]
[WhiteElo "2136"]
[BlackElo "2540"]
[PlyCount "92"]
[EventDate "2009.10.24"]
[EventType "swiss (blitz)"]

1. d4 {[%emt 0:00:05]} Nf6 {[%emt 0:00:02]} 2. c4 {[%emt 0:00:02]} e5 {[%emt 0:
00:02]} 3. dxe5 {[%emt 0:00:02]} Ng4 {[%emt 0:00:01]} 4. Nh3 {[%emt 0:00:01]}
Nxe5 {[%emt 0:00:04]} 5. e3 {[%emt 0:00:07]} Ng6 {[%emt 0:00:02]} 6. Nc3 {
[%emt 0:00:03]} Nc6 {[%emt 0:00:02]} 7. Bd3 {[%emt 0:00:02]} Bb4 {[%emt 0:00:
05]} 8. Bd2 {[%emt 0:00:03]} d6 {[%emt 0:00:02]} 9. Bxg6 {[%emt 0:00:06]} hxg6
{[%emt 0:00:04]} 10. Nf4 {[%emt 0:00:01]} O-O {[%emt 0:01:09]} 11. Ne4 {[%emt
0:00:03]} Bf5 {[%emt 0:00:08]} 12. Ng3 {[%emt 0:00:09]} Bxd2+ {[%emt 0:00:19]}
13. Qxd2 {[%emt 0:00:03]} Ne5 {[%emt 0:00:03]} 14. b3 {[%emt 0:00:19]} Qd7 {
[%emt 0:00:06]} 15. O-O {[%emt 0:00:03]} Rfe8 {[%emt 0:00:08]} 16. e4 {[%emt 0:
00:04]} Be6 {[%emt 0:00:05]} 17. f3 {[%emt 0:00:02]} Qc6 {[%emt 0:00:10]} 18.
Kh1 {[%emt 0:00:05]} Qc5 {[%emt 0:00:10]} 19. Rad1 {[%emt 0:00:04]} a5 {[%emt
0:00:02]} 20. Nd5 {[%emt 0:00:15]} Bxd5 {[%emt 0:00:01]} 21. cxd5 {[%emt 0:00:
02]} Qb4 {[%emt 0:00:05]} 22. Qg5 {[%emt 0:00:28]} a4 {[%emt 0:00:19]} 23. f4 {
[%emt 0:00:02]} f6 {[%emt 0:00:13]} 24. Qh4 {[%emt 0:00:03]} Nd7 {[%emt 0:00:
02]} 25. Qg4 {[%emt 0:00:02]} Nf8 {[%emt 0:00:02]} 26. Rc1 {[%emt 0:00:12]}
axb3 {[%emt 0:00:05]} 27. axb3 {[%emt 0:00:02]} Rac8 {[%emt 0:00:03]} 28. Rf3 {
[%emt 0:00:05]} c5 {[%emt 0:00:02]} 29. dxc6 {[%emt 0:00:03]} Rxc6 {[%emt 0:00:
01]} 30. Rg1 {[%emt 0:00:28] .} Rc3 {[%emt 0:00:01]} 31. h4 {[%emt 0:00:04]}
Rxf3 {[%emt 0:00:01]} 32. Qxf3 {[%emt 0:00:01]} Rc8 {[%emt 0:00:02]} 33. h5 {
[%emt 0:00:02]} gxh5 {[%emt 0:00:06]} 34. Nxh5 {[%emt 0:00:02]} Rc7 {[%emt 0:
00:07]} 35. Qg4 {[%emt 0:00:01]} Rf7 {[%emt 0:00:01]} 36. f5 {[%emt 0:00:06]}
Qxb3 {[%emt 0:00:02]} 37. Nf4 {[%emt 0:00:02]} Qc4 {[%emt 0:00:02]} 38. Ng6 {
[%emt 0:00:02]} Nxg6 {[%emt 0:00:10]} 39. fxg6 {[%emt 0:00:02]} Re7 {[%emt 0:
00:00]} 40. Ra1 {[%emt 0:00:04]} Re8 {[%emt 0:00:04]} 41. Qh5 {[%emt 0:00:17]}
Kf8 {[%emt 0:00:01]} 42. Qh8+ {[%emt 0:00:02]} Qg8 {[%emt 0:00:01]} 43. Qh2 {
[%emt 0:00:04]} Qe6 {[%emt 0:00:02]} 44. Qh8+ {[%emt 0:00:02]} Qg8 {[%emt 0:00:
01]} 45. Qh2 {[%emt 0:00:01]} Qe6 {[%emt 0:00:01]} 46. Qh8+ {[%emt 0:00:01]}
Qg8 {[%emt 0:00:01]} 1/2-1/2

[Event "Benidorm Satellite preliminary"]
[Site "playchess.com #007036"]
[Date "2009.10.24"]
[Round "5"]
[White "RKO DRM"]
[Black "huseyinist"]
[Result "0-1"]
[WhiteElo "1671"]
[BlackElo "1437"]
[PlyCount "108"]
[EventDate "2009.10.24"]
[EventType "swiss (blitz)"]

1. d4 {[%emt 0:00:01]} Nf6 {[%emt 0:00:02]} 2. c4 {[%emt 0:00:04]} e6 {[%emt 0:
00:00]} 3. Nc3 {[%emt 0:00:01]} d5 {[%emt 0:00:02]} 4. e3 {[%emt 0:00:01]} Be7
{[%emt 0:00:01]} 5. Nf3 {[%emt 0:00:01]} O-O {[%emt 0:00:01]} 6. Be2 {[%emt 0:
00:04]} b6 {[%emt 0:00:02]} 7. O-O {[%emt 0:00:01]} Bb7 {[%emt 0:00:01]} 8. Qb3
{[%emt 0:00:03]} Nbd7 {[%emt 0:00:07]} 9. Bd2 {[%emt 0:00:01]} c5 {[%emt 0:00:
01]} 10. Rac1 {[%emt 0:00:20]} Rc8 {[%emt 0:00:15]} 11. Rfe1 {[%emt 0:00:11]}
cxd4 {[%emt 0:00:14]} 12. exd4 {[%emt 0:00:03]} dxc4 {[%emt 0:00:06]} 13. Bxc4
{[%emt 0:00:09]} Bxf3 {[%emt 0:00:12]} 14. gxf3 {[%emt 0:00:03]} Qc7 {[%emt 0:
00:16]} 15. Ne4 {[%emt 0:00:19]} Qb7 {[%emt 0:00:26]} 16. Bd3 {[%emt 0:00:24]}
Nd5 {[%emt 0:00:06]} 17. a3 {[%emt 0:00:13]} N7f6 {[%emt 0:00:01]} 18. Nxf6+ {
[%emt 0:00:30]} Bxf6 {[%emt 0:00:07]} 19. Be3 {[%emt 0:00:05]} Nxe3 {[%emt 0:
00:12]} 20. Rxc8 {[%emt 0:00:22]} Rxc8 {[%emt 0:00:06]} 21. Bxh7+ {[%emt 0:00:
09]} Kxh7 {[%emt 0:00:12]} 22. Qxe3 {[%emt 0:00:02]} Qd5 {[%emt 0:00:07]} 23.
Rd1 {[%emt 0:00:23]} Qg5+ {[%emt 0:00:10]} 24. Qxg5 {[%emt 0:00:03]} Bxg5 {
[%emt 0:00:00]} 25. Rd3 {[%emt 0:00:05]} Bf6 {[%emt 0:00:02]} 26. d5 {[%emt 0:
00:01]} exd5 {[%emt 0:00:03]} 27. Rxd5 {[%emt 0:00:01]} Bxb2 {[%emt 0:00:00]}
28. a4 {[%emt 0:00:02]} Rc7 {[%emt 0:00:03]} 29. a5 {[%emt 0:00:02]} Rc5 {
[%emt 0:00:06]} 30. Rd7 {[%emt 0:00:07]} Rxa5 {[%emt 0:00:01]} 31. Rxf7 {[%emt
0:00:01]} b5 {[%emt 0:00:05]} 32. Rb7 {[%emt 0:00:01]} Bc3 {[%emt 0:00:03]} 33.
Kf1 {[%emt 0:00:01]} b4 {[%emt 0:00:01]} 34. Ke2 {[%emt 0:00:01]} Ra1 {[%emt 0:
00:06]} 35. Kd3 {[%emt 0:00:01]} a5 {[%emt 0:00:01]} 36. Kc4 {[%emt 0:00:01]}
Ra2 {[%emt 0:00:04]} 37. Ra7 {[%emt 0:00:06]} a4 {[%emt 0:00:06]} 38. Ra6 {
[%emt 0:00:05]} a3 {[%emt 0:00:03]} 39. Kb3 {[%emt 0:00:02]} Rb2+ {[%emt 0:00:
02]} 40. Kc4 {[%emt 0:00:01]} a2 {[%emt 0:00:04]} 41. Ra5 {[%emt 0:00:05]} Rxf2
{[%emt 0:00:03]} 42. Rh5+ {[%emt 0:00:01]} Kg8 {[%emt 0:00:01]} 43. Ra5 {[%emt
0:00:04]} a1=Q {[%emt 0:00:03]} 44. Rxa1 {[%emt 0:00:01]} Bxa1 {[%emt 0:00:01]}
45. Kxb4 {[%emt 0:00:00]} Rxf3 {[%emt 0:00:01]} 46. Kc5 {[%emt 0:00:00]} Rh3 {
[%emt 0:00:01]} 47. Kd5 {[%emt 0:00:00]} Rxh2 {[%emt 0:00:01]} 48. Ke4 {[%emt
0:00:00]} Rf2 {[%emt 0:00:01]} 49. Ke3 {[%emt 0:00:01]} Rf8 {[%emt 0:00:01]}
50. Ke4 {[%emt 0:00:00]} g6 {[%emt 0:00:00]} 51. Kd5 {[%emt 0:00:00]} g5 {
[%emt 0:00:00]} 52. Ke4 {[%emt 0:00:00]} g4 {[%emt 0:00:01]} 53. Kd5 {[%emt 0:
00:00]} g3 {[%emt 0:00:01]} 54. Ke6 {[%emt 0:00:00]} g2 {[%emt 0:00:00] RKO
DRM rinde} 0-1

[Event "Benidorm Satellite preliminary"]
[Site "playchess.com #007036"]
[Date "2009.10.24"]
[Round "5"]
[White "Jahhaj"]
[Black "Dimitri_Ovanov"]
[Result "1-0"]
[WhiteElo "1887"]
[BlackElo "1629"]
[PlyCount "145"]
[EventDate "2009.10.24"]
[EventType "swiss (blitz)"]

1. d4 {[%emt 0:00:02]} g6 {[%emt 0:00:01]} 2. c4 {[%emt 0:00:01]} Bg7 {[%emt 0:
00:00]} 3. Nc3 {[%emt 0:00:01]} Nf6 {[%emt 0:00:01]} 4. e4 {[%emt 0:00:01]} d6
{[%emt 0:00:00]} 5. f3 {[%emt 0:00:01]} e5 {[%emt 0:00:04]} 6. d5 {[%emt 0:00:
02]} a6 {[%emt 0:00:06]} 7. Be3 {[%emt 0:00:02]} Nh5 {[%emt 0:00:01]} 8. Qd2 {
[%emt 0:00:05]} Nf4 {[%emt 0:00:01]} 9. Bxf4 {[%emt 0:00:06]} exf4 {[%emt 0:00:
02]} 10. Qxf4 {[%emt 0:00:01]} O-O {[%emt 0:00:00]} 11. Bd3 {[%emt 0:00:07]} f5
{[%emt 0:00:00]} 12. exf5 {[%emt 0:00:02]} Bxf5 {[%emt 0:00:01]} 13. Bxf5 {
[%emt 0:00:03]} Rxf5 {[%emt 0:00:00]} 14. Qd2 {[%emt 0:01:00]} Nd7 {[%emt 0:00:
02]} 15. O-O-O {[%emt 0:00:07]} Nc5 {[%emt 0:00:01]} 16. Nge2 {[%emt 0:00:07]}
b5 {[%emt 0:00:05]} 17. Nd4 {[%emt 0:00:04]} Rf7 {[%emt 0:00:05]} 18. Ne4 {
[%emt 0:00:38]} Nxe4 {[%emt 0:00:44]} 19. fxe4 {[%emt 0:00:01]} Re7 {[%emt 0:
00:01]} 20. Ne6 {[%emt 0:00:02]} Qd7 {[%emt 0:00:07]} 21. Nxg7 {[%emt 0:00:07]}
Kxg7 {[%emt 0:00:04]} 22. Qd4+ {[%emt 0:00:02]} Kg8 {[%emt 0:00:01]} 23. Rhe1 {
[%emt 0:00:17]} Rae8 {[%emt 0:00:04]} 24. cxb5 {[%emt 0:00:18]} axb5 {[%emt 0:
00:10]} 25. Kb1 {[%emt 0:00:04]} Qg4 {[%emt 0:00:02]} 26. e5 {[%emt 0:00:17]}
Qxd4 {[%emt 0:00:03]} 27. Rxd4 {[%emt 0:00:01]} Rxe5 {[%emt 0:00:01]} 28. Rxe5
{[%emt 0:00:04]} Rxe5 {[%emt 0:00:00]} 29. Kc2 {[%emt 0:00:02]} Re2+ {[%emt 0:
00:01]} 30. Rd2 {[%emt 0:00:01]} Re5 {[%emt 0:00:00]} 31. Kb3 {[%emt 0:00:03]}
Kg7 {[%emt 0:00:00]} 32. Kb4 {[%emt 0:00:01]} Kf6 {[%emt 0:00:01]} 33. Kxb5 {
[%emt 0:00:01]} c5 {[%emt 0:00:22] '} 34. Kc6 {[%emt 0:00:03]} Ke7 {[%emt 0:00:
02]} 35. a4 {[%emt 0:00:03]} Re4 {[%emt 0:00:02]} 36. b3 {[%emt 0:00:05]} Re3 {
[%emt 0:00:02]} 37. Ra2 {[%emt 0:00:05]} Rxb3 {[%emt 0:00:05]} 38. a5 {[%emt 0:
00:01]} c4 {[%emt 0:00:05]} 39. a6 {[%emt 0:00:01]} Rb8 {[%emt 0:00:01]} 40. a7
{[%emt 0:00:01]} Ra8 {[%emt 0:00:01]} 41. Kb7 {[%emt 0:00:01]} Rxa7+ {[%emt 0:
00:05]} 42. Rxa7 {[%emt 0:00:02]} Kf6 {[%emt 0:00:01]} 43. Kc6 {[%emt 0:00:01]}
Ke5 {[%emt 0:00:01]} 44. Ra4 {[%emt 0:00:02]} Kd4 {[%emt 0:00:01]} 45. Kxd6 {
[%emt 0:00:02]} Kd3 {[%emt 0:00:02]} 46. Rxc4 {[%emt 0:00:02]} Kxc4 {[%emt 0:
00:01]} 47. Ke6 {[%emt 0:00:01]} Kc5 {[%emt 0:00:01]} 48. d6 {[%emt 0:00:01]}
Kc6 {[%emt 0:00:01]} 49. Ke7 {[%emt 0:00:01]} Kd5 {[%emt 0:00:02]} 50. d7 {
[%emt 0:00:01]} Ke4 {[%emt 0:00:00]} 51. d8=Q {[%emt 0:00:02]} Kf4 {[%emt 0:00:
00]} 52. Kf6 {[%emt 0:00:01]} Kg4 {[%emt 0:00:01]} 53. Kg7 {[%emt 0:00:01]} g5
{[%emt 0:00:01]} 54. Kxh7 {[%emt 0:00:02]} Kh5 {[%emt 0:00:01]} 55. Qe8+ {
[%emt 0:00:02]} Kh4 {[%emt 0:00:01]} 56. Qe4+ {[%emt 0:00:02]} Kh5 {[%emt 0:00:
01]} 57. Qf5 {[%emt 0:00:04]} Kh4 {[%emt 0:00:01]} 58. Qe4+ {[%emt 0:00:02]}
Kh5 {[%emt 0:00:01]} 59. g4+ {[%emt 0:00:02]} Kh4 {[%emt 0:00:02]} 60. Qe1+ {
[%emt 0:00:01]} Kxg4 {[%emt 0:00:01]} 61. Kg6 {[%emt 0:00:01]} Kf4 {[%emt 0:00:
03]} 62. Qg1 {[%emt 0:00:02]} g4 {[%emt 0:00:01]} 63. Qg3+ {[%emt 0:00:01]} Ke4
{[%emt 0:00:01]} 64. Kg5 {[%emt 0:00:01]} Kd4 {[%emt 0:00:02]} 65. Kxg4 {[%emt
0:00:01]} Ke4 {[%emt 0:00:01]} 66. Qf4+ {[%emt 0:00:01]} Kd3 {[%emt 0:00:01]}
67. Kf3 {[%emt 0:00:02]} Kc2 {[%emt 0:00:02]} 68. Qd4 {[%emt 0:00:01]} Kb1 {
[%emt 0:00:03]} 69. Qd2 {[%emt 0:00:03]} Ka1 {[%emt 0:00:03]} 70. Ke3 {[%emt 0:
00:01]} Kb1 {[%emt 0:00:02]} 71. Kd3 {[%emt 0:00:01]} Ka1 {[%emt 0:00:00]} 72.
Kc3 {[%emt 0:00:01]} Kb1 {[%emt 0:00:00]} 73. Qb2# {[%emt 0:00:01]} 1-0

[Event "Benidorm Satellite preliminary"]
[Site "playchess.com #007036"]
[Date "2009.10.24"]
[Round "5"]
[White "Altamiro"]
[Black "Mtudorache"]
[Result "1-0"]
[WhiteElo "2143"]
[BlackElo "1797"]
[PlyCount "69"]
[EventDate "2009.10.24"]
[EventType "swiss (blitz)"]

1. e4 {[%emt 0:00:02]} c5 {[%emt 0:00:07]} 2. Nf3 {[%emt 0:00:01]} Nc6 {[%emt
0:00:08]} 3. Nc3 {[%emt 0:00:02]} Nf6 {[%emt 0:00:03]} 4. d4 {[%emt 0:00:05]}
cxd4 {[%emt 0:00:02]} 5. Nxd4 {[%emt 0:00:01]} e5 {[%emt 0:00:00]} 6. Nxc6 {
[%emt 0:00:04]} bxc6 {[%emt 0:00:01]} 7. Bg5 {[%emt 0:00:03]} h6 {[%emt 0:00:
16]} 8. Bxf6 {[%emt 0:00:05]} Qxf6 {[%emt 0:00:05]} 9. Bc4 {[%emt 0:00:01]} Bc5
{[%emt 0:00:04]} 10. O-O {[%emt 0:00:01]} O-O {[%emt 0:00:02]} 11. Qe2 {[%emt
0:00:30]} d6 {[%emt 0:00:12]} 12. Na4 {[%emt 0:00:06]} Bb4 {[%emt 0:00:08]} 13.
a3 {[%emt 0:00:09]} Ba5 {[%emt 0:00:02]} 14. b4 {[%emt 0:00:02]} Bc7 {[%emt 0:
00:01]} 15. Bb3 {[%emt 0:00:09]} Be6 {[%emt 0:00:04]} 16. c4 {[%emt 0:00:01]}
a5 {[%emt 0:00:06]} 17. Nc3 {[%emt 0:00:05]} axb4 {[%emt 0:00:03]} 18. axb4 {
[%emt 0:00:01]} Rab8 {[%emt 0:00:01]} 19. b5 {[%emt 0:00:11]} cxb5 {[%emt 0:00:
06]} 20. Nxb5 {[%emt 0:00:01]} Rxb5 {[%emt 0:00:06]} 21. cxb5 {[%emt 0:00:02]}
Bxb3 {[%emt 0:00:00]} 22. b6 {[%emt 0:00:53]} Bb8 {[%emt 0:00:01]} 23. Ra8 {
[%emt 0:00:08]} d5 {[%emt 0:00:04]} 24. Qb2 {[%emt 0:00:25]} Bc4 {[%emt 0:00:
02]} 25. Rc1 {[%emt 0:00:03]} Qc6 {[%emt 0:00:16]} 26. Raa1 {[%emt 0:00:20]}
Qb7 {[%emt 0:00:26]} 27. exd5 {[%emt 0:00:02]} Bxd5 {[%emt 0:00:02]} 28. f3 {
[%emt 0:00:04]} e4 {[%emt 0:00:14]} 29. fxe4 {[%emt 0:00:01]} Bxe4 {[%emt 0:00:
01]} 30. Re1 {[%emt 0:00:01]} Bd5 {[%emt 0:00:05]} 31. Ra5 {[%emt 0:00:03]} Be6
{[%emt 0:00:01]} 32. Qf2 {[%emt 0:00:06]} Rd8 {[%emt 0:00:26]} 33. Rea1 {[%emt
0:00:02]} Bd5 {[%emt 0:00:31]} 34. Rd1 {[%emt 0:00:07]} Be5 {[%emt 0:00:18]}
35. Qc5 {[%emt 0:00:02] Tempo} 1-0

[Event "Benidorm Satellite preliminary"]
[Site "playchess.com #007036"]
[Date "2009.10.24"]
[Round "5"]
[White "Musterlukas"]
[Black "ALFILH7"]
[Result "1-0"]
[WhiteElo "1789"]
[BlackElo "1546"]
[PlyCount "87"]
[EventDate "2009.10.24"]
[EventType "swiss (blitz)"]

1. d4 {[%emt 0:00:02]} d5 {[%emt 0:00:01]} 2. Nf3 {[%emt 0:00:01]} Nf6 {[%emt
0:00:03]} 3. c4 {[%emt 0:00:01]} c6 {[%emt 0:00:05]} 4. Nc3 {[%emt 0:00:01]}
Bf5 {[%emt 0:00:04]} 5. Bg5 {[%emt 0:00:03]} Nbd7 {[%emt 0:00:04]} 6. e3 {
[%emt 0:00:02]} Bg4 {[%emt 0:00:02]} 7. Be2 {[%emt 0:00:02]} e6 {[%emt 0:00:12]
} 8. Ne5 {[%emt 0:00:05]} Bxe2 {[%emt 0:00:11]} 9. Qxe2 {[%emt 0:00:02]} Be7 {
[%emt 0:00:06]} 10. f4 {[%emt 0:00:04]} h6 {[%emt 0:00:02]} 11. Bh4 {[%emt 0:
00:06]} Bb4 {[%emt 0:00:19]} 12. O-O {[%emt 0:00:04]} Bxc3 {[%emt 0:00:02]} 13.
bxc3 {[%emt 0:00:02]} Qe7 {[%emt 0:00:13]} 14. Nxd7 {[%emt 0:00:11]} Qxd7 {
[%emt 0:00:02]} 15. Bxf6 {[%emt 0:00:03]} gxf6 {[%emt 0:00:01]} 16. Rab1 {
[%emt 0:00:08]} O-O-O {[%emt 0:00:02]} 17. c5 {[%emt 0:00:05]} Kb8 {[%emt 0:00:
03]} 18. Qb2 {[%emt 0:00:02]} Ka8 {[%emt 0:00:02]} 19. a4 {[%emt 0:00:03]} Rhg8
{[%emt 0:00:03]} 20. Rf2 {[%emt 0:00:04]} Rb8 {[%emt 0:00:12]} 21. a5 {[%emt 0:
00:02]} a6 {[%emt 0:00:02]} 22. Qe2 {[%emt 0:00:06]} Ka7 {[%emt 0:00:03]} 23.
Qd3 {[%emt 0:00:02]} e5 {[%emt 0:00:12]} 24. fxe5 {[%emt 0:00:04]} fxe5 {[%emt
0:00:02]} 25. Qh7 {[%emt 0:00:05]} Rbf8 {[%emt 0:00:10]} 26. Rbf1 {[%emt 0:00:
07]} Qg4 {[%emt 0:00:07]} 27. g3 {[%emt 0:00:26]} Rg7 {[%emt 0:00:23]} 28. Qf5
{[%emt 0:00:05]} Qh4 {[%emt 0:00:20]} 29. Qxe5 {[%emt 0:00:10]} Rg5 {[%emt 0:
00:21]} 30. Qf6 {[%emt 0:00:08]} Rfg8 {[%emt 0:00:04]} 31. Rg2 {[%emt 0:00:10]}
Qe4 {[%emt 0:00:07]} 32. Qf3 {[%emt 0:00:03]} Qd3 {[%emt 0:00:03]} 33. Rc1 {
[%emt 0:00:15]} h5 {[%emt 0:00:04]} 34. Qe2 {[%emt 0:00:07]} Qe4 {[%emt 0:00:
02]} 35. Rf1 {[%emt 0:00:32] .} h4 {[%emt 0:00:02]} 36. Rf4 {[%emt 0:00:01]}
Qe6 {[%emt 0:00:02]} 37. Rxh4 {[%emt 0:00:04]} f5 {[%emt 0:00:04]} 38. Rf4 {
[%emt 0:00:03]} Re8 {[%emt 0:00:03]} 39. Rf3 {[%emt 0:00:03]} f4 {[%emt 0:00:
05]} 40. gxf4 {[%emt 0:00:04]} Rxg2+ {[%emt 0:00:01]} 41. Kxg2 {[%emt 0:00:01]}
Rg8+ {[%emt 0:00:04]} 42. Rg3 {[%emt 0:00:01]} Qe4+ {[%emt 0:00:01]} 43. Kf2 {
[%emt 0:00:05]} Qh1 {[%emt 0:00:02]} 44. Rxg8 {[%emt 0:00:03] ALFILH7 rinde}
1-0

[Event "Benidorm Satellite preliminary"]
[Site "playchess.com #007036"]
[Date "2009.10.24"]
[Round "5"]
[White "God of chess"]
[Black "MischaT"]
[Result "0-1"]
[WhiteElo "1939"]
[BlackElo "1972"]
[PlyCount "122"]
[EventDate "2009.10.24"]
[EventType "swiss (blitz)"]

1. e4 {[%emt 0:00:08]} e6 {[%emt 0:00:02]} 2. Nf3 {[%emt 0:00:13]} d5 {[%emt 0:
00:01]} 3. exd5 {[%emt 0:00:09]} exd5 {[%emt 0:00:02]} 4. Bb5+ {[%emt 0:00:09]}
c6 {[%emt 0:00:04]} 5. Bd3 {[%emt 0:00:10]} Bd6 {[%emt 0:00:02]} 6. O-O {[%emt
0:00:08]} Ne7 {[%emt 0:00:01]} 7. Nc3 {[%emt 0:00:28]} O-O {[%emt 0:00:02]} 8.
Re1 {[%emt 0:00:12]} Bf5 {[%emt 0:00:14]} 9. Bxf5 {[%emt 0:00:12]} Nxf5 {[%emt
0:00:00]} 10. Ne2 {[%emt 0:00:10]} Nd7 {[%emt 0:00:02]} 11. d4 {[%emt 0:00:08]}
Nf6 {[%emt 0:00:02]} 12. Qd3 {[%emt 0:00:06]} Qd7 {[%emt 0:00:10]} 13. Ne5 {
[%emt 0:00:07]} Bxe5 {[%emt 0:00:03]} 14. dxe5 {[%emt 0:00:00]} Ne4 {[%emt 0:
00:01]} 15. Qh3 {[%emt 0:00:08]} Rae8 {[%emt 0:00:10]} 16. f3 {[%emt 0:00:07]}
Nc5 {[%emt 0:00:07]} 17. Bg5 {[%emt 0:00:15]} Ne7 {[%emt 0:00:07]} 18. Ng3 {
[%emt 0:00:02]} Qxh3 {[%emt 0:00:03]} 19. gxh3 {[%emt 0:00:01]} Ng6 {[%emt 0:
00:05]} 20. Kg2 {[%emt 0:00:02]} Nxe5 {[%emt 0:00:15]} 21. Bf4 {[%emt 0:00:05]}
f6 {[%emt 0:00:08]} 22. Re2 {[%emt 0:00:07]} Ncd7 {[%emt 0:00:16]} 23. Rae1 {
[%emt 0:00:02]} Kf7 {[%emt 0:00:10]} 24. Nf5 {[%emt 0:00:04]} Re6 {[%emt 0:00:
03]} 25. Bxe5 {[%emt 0:00:04]} fxe5 {[%emt 0:00:09]} 26. f4 {[%emt 0:00:04]} e4
{[%emt 0:00:07]} 27. Nd4 {[%emt 0:00:02]} Rf6 {[%emt 0:00:03]} 28. f5 {[%emt 0:
00:02]} g6 {[%emt 0:00:06]} 29. fxg6+ {[%emt 0:00:02]} Kxg6 {[%emt 0:00:02]}
30. Kh1 {[%emt 0:00:01]} Ne5 {[%emt 0:00:06]} 31. c3 {[%emt 0:00:05]} Nf3 {
[%emt 0:00:04]} 32. Nc2 {[%emt 0:00:03]} Nxe1 {[%emt 0:00:03]} 33. Nxe1 {[%emt
0:00:00]} Rf5 {[%emt 0:00:06]} 34. h4 {[%emt 0:00:05]} Rf2 {[%emt 0:00:02]} 35.
Re3 {[%emt 0:00:04]} Rxb2 {[%emt 0:00:03]} 36. Rg3+ {[%emt 0:00:01]} Kf7 {
[%emt 0:00:04]} 37. h3 {[%emt 0:00:04]} Rb1 {[%emt 0:00:07]} 38. Rg1 {[%emt 0:
00:02]} Ke7 {[%emt 0:00:02]} 39. Kh2 {[%emt 0:00:01]} Rf2+ {[%emt 0:00:03]} 40.
Kh1 {[%emt 0:00:05]} Re2 {[%emt 0:00:03]} 41. Ng2 {[%emt 0:00:02]} Rxg1+ {
[%emt 0:00:02]} 42. Kxg1 {[%emt 0:00:00]} Rxa2 {[%emt 0:00:02]} 43. Kh2 {[%emt
0:00:01]} Rxg2+ {[%emt 0:00:08]} 44. Kxg2 {[%emt 0:00:02]} a5 {[%emt 0:00:01]}
45. Kf2 {[%emt 0:00:00]} a4 {[%emt 0:00:01]} 46. Ke2 {[%emt 0:00:01]} b5 {
[%emt 0:00:03]} 47. Kd2 {[%emt 0:00:00]} Ke6 {[%emt 0:00:01]} 48. h5 {[%emt 0:
00:01]} Kf5 {[%emt 0:00:01]} 49. h6 {[%emt 0:00:00]} Kg6 {[%emt 0:00:01]} 50.
h4 {[%emt 0:00:00]} Kxh6 {[%emt 0:00:01]} 51. h5 {[%emt 0:00:00]} Kxh5 {[%emt
0:00:01]} 52. Kc2 {[%emt 0:00:00]} Kg4 {[%emt 0:00:01]} 53. Kd2 {[%emt 0:00:01]
} Kf4 {[%emt 0:00:01]} 54. Ke2 {[%emt 0:00:01]} a3 {[%emt 0:00:02]} 55. c4 {
[%emt 0:00:01]} bxc4 {[%emt 0:00:04]} 56. Kd2 {[%emt 0:00:01]} a2 {[%emt 0:00:
01]} 57. Ke2 {[%emt 0:00:02]} a1=Q {[%emt 0:00:03]} 58. Kd2 {[%emt 0:00:01]}
Qd4+ {[%emt 0:00:02]} 59. Ke2 {[%emt 0:00:01]} Qb2+ {[%emt 0:00:03]} 60. Kd1 {
[%emt 0:00:01]} Ke3 {[%emt 0:00:03]} 61. Ke1 {[%emt 0:00:01]} Qe2# {[%emt 0:00:
01]} 0-1